Začarovaný skleník / (Záznam č. 34167)
| 000 -Návěští | |
|---|---|
| Řídící pole kódované 24B | 02337nam a2200373 i 4500 |
| 001 - Kontrolní číslo | |
| Řídící pole proměnné | nkc20263743764 |
| 003 - Identifikátor kontrolního čísla | |
| Řídící pole proměnné | CZ PrSKC |
| 005 - Datum posledního zpracování | |
| Řídící pole 16B | 20260415092056.0 |
| 007 - Pole pevné délky pro fyzický popis | |
| Řídící pole kódované | ta |
| 008 - Údaje pevné délky | |
| Řídící pole kódované 40B | 260312s2026 xr g 000 f cze |
| 020 ## - ISBN | |
| ISBN | 9788028409289 |
| 040 ## - Zdroj katalogizace-agentura | |
| Agentura původní katalogizace | ABG001 |
| Jazyk katalogizace | cze |
| Použitá pravidla popisu | rda |
| 041 1# - Kód jazyka | |
| Kód jazyka textu/zvuku, mezititulků | cze |
| Kód jazyka originálu | eng |
| 072 #7 - Kód předmětové kategorie - Konspekt | |
| Předmětová kategorie | 821.111(73)-3 |
| Zpřesnění předmětové kategorie | Americká próza |
| Zdroj předmětové klasifikace | Konspekt |
| 080 ## - MDT | |
| Klasifikační znak MDT | 821.111(73)-31 |
| Idetifikátor vydání MDT | MRF |
| 080 ## - MDT | |
| Klasifikační znak MDT | (0:82-312.9) |
| Idetifikátor vydání MDT | MRF |
| 100 1# - Hlavní záhlaví - osobní jméno autora | |
| Osobní jméno | Durst, Sarah Beth |
| Kód role | aut |
| 9 (RLIN) | 14049 |
| 240 10 - Unifikovaný název | |
| Unifikovaný název | <a href="Enchanted greenhouse.">Enchanted greenhouse.</a> |
| Jazyk díla | Česky |
| 245 10 - Údaje o názvu | |
| Název | Začarovaný skleník / |
| Údaj o odpovědností, atd. | Sarah Beth Durst ; přeložila Jitka Čupová |
| 250 ## - Údaje o vydání | |
| Označení vydání | Vydání první |
| 264 #1 - Nakladatelské údaje | |
| Místo vydání | Praha : |
| Nakladatel | Euromedia Group, |
| Rok vydání | 2026 |
| 300 ## - Fyzický popis | |
| Rozsah | 420 stran ; |
| Rozměry | 20 cm |
| 500 ## - Všeobecná poznámka | |
| Text obecné poznámky | Přeloženo z angličtiny |
| 500 ## - Všeobecná poznámka | |
| Text obecné poznámky | Na obálce uvedeno nakladatelství: Laser |
| 520 2# - Anotace | |
| Anotace, atd. | Román plný kouzel, odpuštění a lásky vás opět zve do světa z románu Krámek s kouzly. Příběh se tentokrát odehrává na vzdáleném ostrově plném zpívajících květin, dávných tajemství a vůně medových koláčků. |
| Rozšířený text anotace | Knihovnice Terla Perna porušila zákon, když si v osamělosti pomocí kouzla stvořila přítele - inteligentní rostlinu. Za trest byla proměněna v dřevěnou sochu a pro výstrahu umístěna v severní čítárně alysijské Říšské knihovny. Tím mohl její příběh skončit, avšak jednoho dne se vyhladovělá a promrzlá probudí v zasněžené krajině takřka opuštěného ostrůvku se stovkami kouzelných skleníků. Jediným obyvatelem ostrova je nerudný zahradník Florián, který jí kupodivu nabídne čisté šaty, koláče a nocleh - alespoň na pár dní, než připluje loď, která by ji vzala domů. Terla se však k návratu nemá a svým způsobem roztomilý zahradník jí pomalu přirůstá k srdci stejně jako celý ostrov. Když zjistí, že kouzla udržující skleníky v chodu, jedno po druhém selhávají a vzácné rostliny hynou, rozhodne se zkusit je zachránit, i kdyby to znamenalo opět porušit zákon... Nakladatelská anotace. Kráceno. |
| 655 #7 - Rejstříkový termín - žánr/forma | |
| Žánr/forma či základní termín | americké romány |
| 655 #7 - Rejstříkový termín - žánr/forma | |
| Žánr/forma či základní termín | fantasy romány |
| 655 #9 - Rejstříkový termín - žánr/forma | |
| Žánr/forma či základní termín | American fiction |
| 655 #9 - Rejstříkový termín - žánr/forma | |
| Žánr/forma či základní termín | fantasy novels |
| 700 1# - Vedlejší záhlaví - osobní jméno autora | |
| Osobní jméno | Čupová, Jitka, |
| Datumy související se jménem | 1975- |
| Kód role | trl |
| 9 (RLIN) | 19008 |
| 710 2# - Vedlejší záhlaví - jméno korporativního autora | |
| Jméno korporace nebo jurisdikce | Laser (nakladatelství) |
| Kód role | pbl |
| 9 (RLIN) | 20647 |
| 910 ## - Údaje o vlastníkovi jednotky (exempláře) | |
| Sigla vlastníka jednotky | ABG508 |
| Stav ztráty | Zdroj klasifikace pro skladování | Stav poškození |
|---|---|---|
| Universal Decimal Classification |